000 00726nam a2200241Ia 4500
003 OSt
005 20240507102830.0
008 210716s1997 xx 000 0 und d
020 _a195108434
040 _cAIMIT LIBRARY
041 _aeng
082 _a005.73
_21
_bBERA
100 _aBerman, A Michael.
_9163435
245 _aData structures via c++ :
_bObjects by evolution /
_cby A. Michael Berman.
250 _a1st ed.
260 _aNew Delhi :
_bOxford University Press ,
_c1997.
300 _axxi,471 p.;
_bHB
_c25 cm.
650 _aDesigning software
_9163436
650 _aAbstract data classesand objects
_9163437
650 _aStacks
_9163438
650 _aGraphs
_9163439
942 _2ddc
_cBK
_e1st
_k005.73 BERA
999 _c184812
_d184812